दलित पँथर आंदोलन. (Record no. 740983)

MARC details
000 -LEADER
fixed length control field 00599nam a2200181Ia 4500
008 - FIXED-LENGTH DATA ELEMENTS--GENERAL INFORMATION
fixed length control field 100920s9999 xx 000 0 und d
082 ## - DEWEY DECIMAL CLASSIFICATION NUMBER
Item number 100545
Classification number 891.43 न 06
100 ## - MAIN ENTRY--PERSONAL NAME
Personal name अजयकुमार.
245 ## - TITLE STATEMENT
Title दलित पँथर आंदोलन.
260 ## - PUBLICATION, DISTRIBUTION, ETC. (IMPRINT)
Name of publisher, distributor, etc गौतम बुक सेंटर ,दिल्ली.
Date of publication, distribution, etc 2006
300 ## - PHYSICAL DESCRIPTION
Extent 152
Other physical details साधी
365 ## - TRADE PRICE
Price amount 200
520 ## - SUMMARY, ETC.
Summary, etc हिंदी.
630 ## - SUBJECT ADDED ENTRY--UNIFORM TITLE
Uniform title दलित पँथर आंदोलन.
650 ## - SUBJECT ADDED ENTRY--TOPICAL TERM
Topical term or geographic name as entry element हिंदी.
730 ## - ADDED ENTRY--UNIFORM TITLE
Uniform title दलित पँथर आंदोलन.
942 ## - ADDED ENTRY ELEMENTS (KOHA)
Koha item type Book
Holdings
Withdrawn status Lost status Damaged status Not for loan Home library Current library Shelving location Date acquired Cost, normal purchase price Total Checkouts Barcode Date last seen Price effective from Koha item type Public note
        Shri Chhatrapati Pratapsinh Maharaj ( Thorle) Nagar Vachanalaya, Satara Shri Chhatrapati Pratapsinh Maharaj ( Thorle) Nagar Vachanalaya, Satara     200.00   SATVAC-100545 09/20/2010 09/20/2010 Book देवघेव